000 01070nam a2200277Ia 4500
001 ebr10457984
003 CaPaEBR
006 m u
007 cr cn|||||||||
008 080921s2011 xx a sb 001 0 eng d
020 _z9781608051953
040 _aCaPaEBR
_cCaPaEBR
035 _a(OCoLC)726824619
050 1 4 _aQC173.7
_b.Y34 2011eb
100 1 _aYahalom, Asher.
245 1 0 _aAdvances in classical field theory
_h[electronic resource] /
_cAsher Yahalom.
260 _a[S.l.] :
_bBentham Science Publishers,
_c[2011]
300 _aiii, 291 p. :
_bill.
504 _aIncludes bibliographical references and index.
533 _aElectronic reproduction.
_bPalo Alto, Calif. :
_cebrary,
_d2011.
_nAvailable via World Wide Web.
_nAccess may be limited to ebrary affiliated libraries.
650 0 _aField theory (Physics)
650 0 _aGravitation.
655 7 _aElectronic books.
_2local
710 2 _aebrary, Inc.
856 4 0 _uhttp://site.ebrary.com/lib/rucke/Doc?id=10457984
_zAn electronic book accessible through the World Wide Web; click to view
999 _c230451
_d230451